| 000 | 00594nam a2200205Ia 4500 | ||
|---|---|---|---|
| 001 | 15814 | ||
| 003 | GE_BSU | ||
| 008 | 181216s||||||||xx |||||||||||||| ||und|| | ||
| 040 | _cGE_BSU | ||
| 080 | _a821.353.1-32 | ||
| 100 | _aჭუმბაძე, ა. | ||
| 245 | _aნოველები | ||
| 245 | _cრედ.გრ.ჩიქოვანი.მხ.შ.ბერიტაშვილი | ||
| 260 | _aთბილისი | ||
| 260 | _bსაბჭ. მწერალი | ||
| 260 | _c1960 | ||
| 300 | _a213გვ. ; 21სმ | ||
| 653 | _aნოველები | ||
| 942 | _cBK | ||
| 999 |
_c48911 _d48911 |
||